|
|
|
|
| LEADER |
00675nam a22001817a 4500 |
| 082 |
|
|
|a 807
|b LEL/K N7
|
| 100 |
|
|
|a ലീലാവതി എം
|9 258963
|
| 100 |
|
|
|a Leelavathy M
|9 258964
|
| 240 |
|
|
|a Kavitharathi
|
| 245 |
|
|
|a കവിതാരതി
|
| 250 |
|
|
|a 1st
|
| 260 |
|
|
|a Kozhikode;
|b Mathrubhumi Printing & Publishing;
|c 1997
|
| 300 |
|
|
|a 427p.
|
| 650 |
|
|
|a മലയാളം; സാഹിത്യ പഠനം
|9 258965
|
| 650 |
|
|
|a Malayalam; Literary Study
|9 258966
|
| 942 |
|
|
|c BK
|
| 999 |
|
|
|c 48556
|d 48556
|
| 952 |
|
|
|0 0
|1 0
|4 0
|6 807_000000000000000_LEL_K_N7
|7 0
|8 LITTSTUD
|9 57216
|a MAL
|b MAL
|d 2016-02-25
|e 43225
|g 150.00
|l 0
|o 807 LEL/K N7
|p MAL043225
|r 2016-02-25
|t 1
|w 2016-02-25
|y BK
|